| 000 | 00613 a2200265 4500 | ||
|---|---|---|---|
| 260 | _aParis | ||
| 630 | _a57 - Biologie | ||
| 037 | _b1, Achat | ||
| 650 | _a5 - SCIENCES EXACTES ET NATURELLES | ||
| 260 | _bFlammarion Médecine-Sciences | ||
| 245 | _aLa biochimie de Lubert Stryer | ||
| 300 | _a1068 p. | ||
| 650 | _aBiochimie | ||
| 260 | _c1985 | ||
| 300 | _b27cm | ||
| 100 | _lFr | ||
| 037 | _aS 3784 | ||
| 700 | _aéd., Weinman, Serge | ||
| 700 | _atrad., Manteuil-Brutlag, Simone | ||
| 700 | _apréf., Kamoun, P. | ||
| 111 | _a | ||
| 020 | _a2-257-15016-3 | ||
| 999 |
_c41646 _d41646 |
||